Europe Capitals - Type the First Letter - Statistics

General Stats
  • This quiz has been taken 255 times
    252 since last reset
  • The average score is 30 of 45
Answers on the Map
Answers color-coded by a green-red scale on the quiz's map according to % correct below.
 
Answer Stats
Capitals % Correct
Lisbon
86%
Ljubljana
86%
London
86%
Luxembourg
86%
Belgrade
81%
Berlin
81%
Bratislava
81%
Brussels
81%
Bucharest
81%
Budapest
81%
Reykjavík
80%
Riga
80%
Rome
80%
Amsterdam
79%
Andorra la Vella
79%
Athens
79%
Madrid
78%
Minsk
78%
Monaco
78%
Moscow
78%
Dublin
75%
San Marino
70%
Sarajevo
70%
Skopje
70%
Sofia
70%
Stockholm
70%
Paris
69%
Podgorica
69%
Prague
69%
Pristina
69%
Oslo
66%
Chișinău
61%
Copenhagen
61%
Helsinki
56%
Vaduz
52%
Valletta
52%
Vatican City
52%
Vienna
52%
Vilnius
52%
Tallinn
48%
Tirana
48%
Kiew
46%
Warsaw
42%
Zagreb
24%
Bern
7%
No matching quizzes found
Score Distribution
Percent of People with Each Score
Percentile by Number Answered
Your Score History
You have not taken this quiz since the last reset